Los sacramentos cristianos: curso de sacramentaria fundamental

Saved in:
書目詳細資料
主要作者: Miralles, Antonio (autor)
格式: 圖書
語言:西班牙语
出版: Madrid Palabra 2000
版:1a. ed
叢編:Colección Pelícano
主題:
標簽: 添加標簽
沒有標簽, 成為第一個標記此記錄!

MARC

LEADER 00000cam a2200000 a 4500
001 UCL6589
003 CL-VaPUC
008 040416e20000000SP |||||||||||||||||spa|d
020 |a 8482394215 
082 0 4 |a 234.16  |b MIR  |2 21 
100 |a Miralles, Antonio  |e autor  |9 590991 
245 1 4 |a Los sacramentos cristianos: curso de sacramentaria fundamental 
250 |a 1a. ed 
300 |a 565 p 
942 |c BK 
945 |d 20040416 00:00:00  |a cmena 
260 |a Madrid  |b Palabra  |c 2000 
650 0 |a Sacramentos   |9 257270 
650 0 |a Teología cristiana  |9 308336 
650 7 |a GRACIA  |2 CL-VaPUC  |9 315234 
583 |a last modification  |c 20150921 10:29:44  |k Rodrigo Vera 
490 0 |a Colección Pelícano 
999 |c 312167  |d 312165 
952 |0 0  |1 0  |4 0  |6 234_160000000000000_MIR_2000  |7 0  |8 A  |9 382065  |a BIBTEO  |b BIBTEO  |d 2019-11-21  |i 4004590  |o 234.16 MIR 2000  |p 4004590  |r 2025-01-17  |w 2019-11-21  |y BK  |k ICR 
952 |0 0  |1 0  |3 erb  |4 0  |6 234_160000000000000_MIR_2000  |7 0  |8 A  |9 382066  |a BIBTEO  |b BIBTEO  |i 5200261  |l 12  |o 234.16 MIR 2000  |p 5200261  |r 2025-03-07  |s 2025-03-03  |w 2019-11-21  |y BK  |z Catalogado en:20150928  |k ICR